000 00575nam a2200205Ia 4500
999 _c673
_d673
003 0100
008 130227s9999 xx 000 0 und d
040 _cARRUPELIB
050 _aDT767.G67
100 _aGreen, Lawrence George
_939658
245 _aAlmost forgotten, never told:
245 _bA book of people and places, dramas and adventures along the South African coast, with a few voyages into deeper waters
260 _aCape Town
_bHoward Timmins
_c1965
300 _a292p
300 _b 21cm
650 _aSouth Africa
_xHistory
_xAddresses
_939659
942 _2lcc
_cMONOGRAPH